Primer relevamiento nacional de especialistas en alergia e inmunologia (Registro nro. 1693)

Detalles MARC
000 -LEADER
fixed length control field 00727nam a2200205 a 4500
003 - CONTROL NUMBER IDENTIFIER
control field OSt
005 - FECHA ULTIMA MODIFICACION
control field 20130927183920.0
008 - FIXED-LENGTH DATA ELEMENTS--GENERAL INFORMATION
fixed length control field 130927s2000 ag ||||| |||| 00| 0 spa d
040 ## - CATALOGING SOURCE
Transcribing agency Biblioteca Medicina
041 ## - LANGUAGE CODE
Language code of text/sound track or separate title spa
082 ## - DEWEY DECIMAL CLASSIFICATION NUMBER
Item number VARIOS 0332
110 ## - MAIN ENTRY--CORPORATE NAME
Corporate name or jurisdiction name as entry element Asociacion Argentina de Alergia e Inmunologia Clinica
9 (RLIN) 2620
245 00 - TITLE STATEMENT
Title Primer relevamiento nacional de especialistas en alergia e inmunologia
250 ## - EDITION STATEMENT
Edition statement 1ºed.
260 ## - PUBLICATION, DISTRIBUTION, ETC. (IMPRINT)
Place of publication, distribution, etc Buenos Aires
Name of publisher, distributor, etc Asociacion Argentina de Alergia e Inmunologia Clinica
Date of publication, distribution, etc 2000
300 ## - PHYSICAL DESCRIPTION
Extent 37 p.
653 ## - INDEX TERM--UNCONTROLLED
Uncontrolled term ALERGIAS E INMUNOLOGIA-ESPECIALISTAS-ARGENTINA
942 ## - ADDED ENTRY ELEMENTS (KOHA)
Source of classification or shelving scheme Dewey Decimal Classification
Koha item type Hemeroteca
Existencias
Withdrawn status Lost status Fuente de clasificación Damaged status Not for loan Colección Ubicación permanente Ubicación actual Sala de ubicación Fecha de adquisición Total Checkouts Número de clasificación Date last seen Número de ejemplar Price effective from Koha tipo de elemento (item)
    Dewey Decimal Classification     Non-fiction Biblioteca Medicina Biblioteca Medicina Circulación 27/09/2013   VARIOS 0332 06/11/2014 Ej. 1 27/09/2013 Hemeroteca

UNIVERSIDAD NACIONAL DEL COMAHUE
Biblioteca de la Facultad de Ciencias Médicas
Sede Toschi: Los Arrayanes y Av. Toschi, Cipolletti  - Rio Negro
Sede Los Tordos:  Yrigoyen al 2211, Cipolletti - Rio Negro 

Teléfono: 0299 - 4774707 int 25
Contacto: biblioteca@facimed.uncoma.edu.ar
© 2011 - 2026